Province italiane con foto - Statistics

Statistiche generali
  • Questo quiz è stato fatto 237 volte
  • Il punteggio medio è 11 su 20
Statistiche sulle risposte
con Immagini Risposta % Corretto
Firenze
99%
Torino
97%
Verona
97%
Genova
84%
Bari
71%
Agrigento
64%
La Spezia
62%
Bolzano
61%
Palermo
60%
Aosta
55%
Perugia
51%
Salerno
47%
Bergamo
45%
Messina
43%
Pistoia
36%
Foggia
33%
Crotone
32%
Viterbo
28%
Nuoro
27%
Pordenone
25%
Nessun quiz corrispondente trovato
Distribuzione punteggi
Percentuale di utenti per punteggio
Percentile per numero di risposta
I tuoi punteggi nel tempo
Non hai fatto questo quiz